SPSS advanced statistics 7.5.

Αποθηκεύτηκε σε:
Λεπτομέρειες βιβλιογραφικής εγγραφής
Συγγραφή απο Οργανισμό/Αρχή: SPSS Inc
Μορφή: Βιβλίο
Γλώσσα:English
Δημοσίευση: Chicago : SPSS Inc., 1997.
Θέματα:
Ετικέτες: Προσθήκη ετικέτας
Δεν υπάρχουν, Καταχωρήστε ετικέτα πρώτοι!

MARC

LEADER 00000cam a2200000 i 4500
001 1/55026
008 070917s1997 ilu| ||| |||| ||eng||
020 |a 0136569277 
035 |l 10090746 
040 |a GR-MyUa  |b gre  |e AACR2 
041 0 |a eng 
082 7 |a 005.55   |2 (22) 
245 0 0 |a SPSS advanced statistics 7.5. /   |c SPSS Inc.  
260 |a Chicago :   |b SPSS Inc.,   |c 1997.  
300 |a xv. 579σ. :   |b σχ. πιν. ;   |c 23εκ.  
504 |a Βιβλιογραφία: σ. 545-547. Ευρετήριο. 
630 0 0 |a SPSS for Windows. 
650 0 |a Social sciences  |x Statistical methods  |x Computer programs. 
710 2 |a SPSS Inc. 
852 |a INST  |b CHIOS  |e 20070917  |h 005.55 SPS  |p 005200028877  |q 005200028877  |t BK  |y 0 
901 |a BIBL2-2007-3 
970 |a ΑΤΣΑΛΗ  |b ΔΕΣΠΟΙΝΑ  |z 2007/09/17